| 000 | 01069nam0a2200325 4500 | ||
|---|---|---|---|
| 001 | RU\NLR\BIBL_A\012796596 | ||
| 005 | 20220825124710.0 | ||
| 010 | _a978-5-98597-497-3 | ||
| 021 |
_aRU _bКН-П-22-009962 _9КН-П-22-0823 |
||
| 035 | _a(NLR Aleph) 012796596 | ||
| 035 | _a(RuMoRGB)010984426 | ||
| 090 |
_a13169582 _c13169582 |
||
| 100 | _a20220524d2022 m y0rusy50 ca | ||
| 101 | 0 | _arus | |
| 102 | _aRU | ||
| 105 | _ay z 000cy | ||
| 181 | 0 |
_ai _baxxe |
|
| 182 | 0 | _an | |
| 200 | 1 |
_aМоё восхождение _e[автобиографические очерки] _fА. Е. Картавых |
|
| 203 |
_aТекст _bвизуальный _cнепосредственный |
||
| 205 | _aИзд. 8-е, испр. и доп. | ||
| 210 |
_aМосква _cПроспект _d2022 |
||
| 215 |
_a221, [2] с. _d22 |
||
| 686 | 2 | _aШ6(2=Р)8-46 | |
| 700 | 1 |
_aКартавых _bА. Е. _gАлексей Ефимович |
|
| 942 | _cBOOK | ||
| 980 | _aNB | ||